[Event "Bayern-chI Bank Hofmann 21st"]
[Site "Tegernsee"]
[Date "2017.11.02"]
[Round "6"]
[White "Pirrot, Dieter"]
[Black "Seidel, Juergen"]
[Result "1-0"]
[WhiteElo "2372"]
[BlackElo "1999"]
[PlyCount "43"]
[EventDate "2017.10.28"]
[EventType "swiss"]
[EventRounds "9"]
[EventCountry "GER"]
[SourceTitle "CBM 181 Extra"]
[Source "ChessBase"]
[SourceDate "2017.12.12"]
[SourceVersion "1"]
[SourceVersionDate "2017.12.12"]
[SourceQuality "1"]

1. e4 d6 2. d4 Nf6 3. Nc3 e5 4. Nf3 Nbd7 5. g4 Nxg4 6. Rg1 Ngf6 7. Bc4 h6 8. Be3 c6 9. dxe5 dxe5 10. Qd3 Qa5 11. 0-0-0 b5 12. Bb3 Ba6 13. Nd2 c5 14. Nd5 c4 15. Nxc4 bxc4 16. Nxf6+ Nxf6 17. Bxc4 Bc5 18. Rxg7 Bxe3+ 19. fxe3 Bb7 20. Qd6 Rf8 21. Qxf6 Qc7 22. Bb5+ 1-0

[Event "Hessenliga 1617"]
[Site "Hessen"]
[Date "2016.10.09"]
[Round "2.4"]
[White "Seidel, Juergen"]
[Black "Meffert, Matthias"]
[Result "1/2-1/2"]
[WhiteElo "2017"]
[BlackElo "2076"]
[PlyCount "40"]
[EventDate "2016.09.18"]
[EventType "team-tourn"]
[EventRounds "9"]
[EventCountry "GER"]
[SourceTitle "EXT 2018"]
[Source "ChessBase"]
[SourceDate "2017.10.13"]
[SourceVersion "1"]
[SourceVersionDate "2017.10.13"]
[SourceQuality "1"]
[WhiteTeam "Dotzheim"]
[BlackTeam "Niederbrechen"]
[WhiteTeamCountry "GER"]
[BlackTeamCountry "GER"]

1. d4 Nf6 2. Nf3 g6 3. c4 Bg7 4. Nc3 0-0 5. e4 d6 6. Be2 e5 7. d5 a5 8. 0-0 Na6 9. Ne1 Nc5 10. Qc2 Nfd7 11. Be3 f5 12. exf5 Rxf5 13. Nd3 Nxd3 14. Bxd3 Rf8 15. Ne4 b6 16. a3 Nc5 17. b4 Nxd3 18. Qxd3 axb4 19. axb4 Bf5 20. f3 Qh4 1/2-1/2

[Event "Rhein Main op-A 19th"]
[Site "Bad Homburg"]
[Date "2016.05.28"]
[Round "5"]
[White "Goetz, Jan Erik"]
[Black "Seidel, Juergen"]
[Result "0-1"]
[WhiteElo "1863"]
[BlackElo "2039"]
[PlyCount "112"]
[EventDate "2016.05.25"]
[EventType "swiss"]
[EventRounds "7"]
[EventCountry "GER"]
[SourceTitle "EXT 2017"]
[Source "ChessBase"]
[SourceDate "2016.10.25"]
[SourceVersion "1"]
[SourceVersionDate "2016.10.25"]
[SourceQuality "1"]

1. d4 d6 2. Nf3 Nd7 3. c4 e5 4. e4 Ngf6 5. Nc3 Be7 6. Be2 0-0 7. 0-0 c6 8. Be3 a6 9. d5 cxd5 10. cxd5 b5 11. Nd2 Ne8 12. f3 g6 13. Rc1 Ng7 14. b4 Bg5 15. Bf2 Nb6 16. Rc2 Bd7 17. Bd3 Rc8 18. Qe2 f5 19. Rfc1 fxe4 20. fxe4 Nh5 21. g3 Nf6 22. Kg2 Nc4 23. Bxc4 Bxd2 24. Rxd2 Rxc4 25. Rdc2 Rxb4 26. Be1 Rc4 27. Bd2 Ng4 28. Nd1 Qb6 29. Rxc4 bxc4 30. Be3 Nxe3+ 31. Nxe3 Bb5 32. h4 Rc8 33. Qg4 Rf8 34. Qe6+ Kg7 35. Rf1 Rxf1 36. Nxf1 c3 37. Qe7+ Kg8 38. Qe6+ Kf8 39. Qc8+ Ke7 40. Qxc3 Bxf1+ 41. Kxf1 Qb1+ 42. Ke2 Qxa2+ 43. Kf3 Qa4 44. Qc7+ Qd7 45. Qb6 h5 46. Qxa6 Qg4+ 47. Kf2 Qxe4 48. Qb7+ Kf6 49. Qa8 Qc2+ 50. Ke3 Qc3+ 51. Ke2 Kf5 52. Qf8+ Ke4 53. Qxd6 Qb2+ 54. Kd1 Ke3 55. Qc5+ Kd3 56. d6 Qd2# 0-1

[Event "Rhein Main op-A 19th"]
[Site "Bad Homburg"]
[Date "2016.05.28"]
[Round "6"]
[White "Seidel, Juergen"]
[Black "Weil, Michael"]
[Result "1/2-1/2"]
[WhiteElo "2039"]
[BlackElo "1956"]
[PlyCount "32"]
[EventDate "2016.05.25"]
[EventType "swiss"]
[EventRounds "7"]
[EventCountry "GER"]
[SourceTitle "EXT 2017"]
[Source "ChessBase"]
[SourceDate "2016.10.25"]
[SourceVersion "1"]
[SourceVersionDate "2016.10.25"]
[SourceQuality "1"]

1. d4 d5 2. c4 e6 3. Nc3 f5 4. Bf4 c6 5. e3 Nf6 6. Nf3 Be7 7. Bd3 0-0 8. 0-0 Ne4 9. Qc2 Nd7 10. Ne5 Ndf6 11. f3 Nxc3 12. bxc3 Nh5 13. Rab1 Bd6 14. Rb2 g5 15. Bg3 Nxg3 16. hxg3 Bxe5 1/2-1/2

[Event "Rhein Main op-A 19th"]
[Site "Bad Homburg"]
[Date "2016.05.26"]
[Round "3"]
[White "Chandler, Patrick"]
[Black "Seidel, Juergen"]
[Result "1-0"]
[WhiteElo "2154"]
[BlackElo "2039"]
[PlyCount "87"]
[EventDate "2016.05.25"]
[EventType "swiss"]
[EventRounds "7"]
[EventCountry "GER"]
[SourceTitle "EXT 2017"]
[Source "ChessBase"]
[SourceDate "2016.10.25"]
[SourceVersion "1"]
[SourceVersionDate "2016.10.25"]
[SourceQuality "1"]

1. d4 d6 2. Nc3 Nd7 3. e4 e5 4. f4 Ngf6 5. Nf3 c6 6. Be3 Ng4 7. Bc1 Be7 8. Be2 0-0 9. 0-0 b5 10. h3 Ngf6 11. fxe5 dxe5 12. dxe5 Ne8 13. Bf4 Nc7 14. Kh1 Ne6 15. Bh2 Bb7 16. a3 Qc7 17. Nd5 Qd8 18. Nxe7+ Qxe7 19. c3 Rad8 20. Qc2 a6 21. a4 Ndc5 22. a5 Bc8 23. Rad1 Nb7 24. Nd4 Nxd4 25. cxd4 Qb4 26. Qc3 c5 27. Qxb4 cxb4 28. d5 Nc5 29. Bf3 Rfe8 30. e6 fxe6 31. Bc7 Rd7 32. Bb6 Nb7 33. Bg4 Rd6 34. Bc7 e5 35. Bxc8 Rxc8 36. Bxd6 Nxd6 37. Rc1 Rc4 38. Rfe1 Kf7 39. b3 Rc3 40. Rxc3 bxc3 41. b4 Ke7 42. Re3 h5 43. Rxc3 Nxe4 44. Re3 1-0

[Event "Hofheim Spring op-A 4th"]
[Site "Hofheim"]
[Date "2016.03.29"]
[Round "1"]
[White "Seidel, Juergen"]
[Black "Kopylov, Daniel"]
[Result "1-0"]
[WhiteElo "2036"]
[BlackElo "2128"]
[PlyCount "105"]
[EventDate "2016.03.29"]
[EventType "swiss"]
[EventRounds "9"]
[EventCountry "GER"]
[SourceTitle "CBM 171 Extra"]
[Source "ChessBase"]
[SourceDate "2016.04.26"]
[SourceVersion "1"]
[SourceVersionDate "2016.04.26"]
[SourceQuality "1"]

1. d4 d5 2. c4 e6 3. Nc3 c6 4. cxd5 exd5 5. Bf4 Bf5 6. e3 Nf6 7. Bd3 Bxd3 8. Qxd3 Bd6 9. Nge2 0-0 10. 0-0 Re8 11. Rae1 Bxf4 12. Nxf4 Nbd7 13. f3 Qc7 14. Nh3 h6 15. Re2 Rad8 16. g4 Nf8 17. Rg2 Qe7 18. Re1 Ne6 19. f4 c5 20. g5 hxg5 21. fxg5 Nh5 22. Rf1 Nf8 23. Nd1 cxd4 24. Qxd4 b6 25. Qg4 g6 26. Rgf2 Qd7 27. Qg2 Re7 28. Rd2 Re4 29. Nhf2 Re5 30. Ng4 Re7 31. Nc3 Nh7 32. Nxd5 Kg7 33. Rd4 Re6 34. Ndf6 Qe7 35. Rxd8 Qxd8 36. Nxh7 Kxh7 37. Rxf7+ Kh8 38. Qf1 Re8 39. Nf6 Re7 40. Nxh5 Rxf7 41. Qxf7 Qd1+ 42. Kf2 Qxh5 43. Qe8+ Kg7 44. Qd7+ Kg8 45. Qd8+ Kg7 46. Qd4+ Kf7 47. h4 Ke6 48. Kg3 Qh7 49. e4 Qc7+ 50. Kg4 Qc2 51. Qf6+ Kd7 52. Qg7+ Kc8 53. Qc3+ 1-0

[Event "Hessenliga 1516"]
[Site "Germany"]
[Date "2015.09.27"]
[Round "1.8"]
[White "Seidel, Juergen"]
[Black "Merkle, Egon"]
[Result "1-0"]
[WhiteElo "2029"]
[BlackElo "2160"]
[PlyCount "53"]
[EventDate "2015.09.27"]
[EventType "team-tourn"]
[EventRounds "9"]
[EventCountry "GER"]
[SourceTitle "EXT 2018"]
[Source "ChessBase"]
[SourceDate "2017.10.13"]
[SourceVersion "1"]
[SourceVersionDate "2017.10.13"]
[SourceQuality "1"]
[WhiteTeam "Dotzheim"]
[BlackTeam "Bad Homburg"]
[WhiteTeamCountry "GER"]
[BlackTeamCountry "GER"]

1. Nf3 d5 2. g3 Nc6 3. d4 Bf5 4. Bg2 e6 5. 0-0 Nf6 6. c4 Be7 7. Nc3 0-0 8. Ne5 Ne4 9. Nxc6 bxc6 10. Qa4 Rb8 11. Nxe4 dxe4 12. e3 c5 13. Rd1 Bf6 14. dxc5 Qe7 15. Rb1 Qxc5 16. Qc2 Rfd8 17. Bd2 Rd3 18. b4 Qd6 19. Be1 Rd8 20. Rdc1 Qa6 21. a4 Qd6 22. b5 Qe5 23. a5 h5 24. c5 h4 25. b6 axb6 26. axb6 cxb6 27. cxb6 1-0

[Event "Hofheim Spring op-A 3rd"]
[Site "Hofheim"]
[Date "2015.04.10"]
[Round "7"]
[White "Schuh, Ruediger"]
[Black "Seidel, Juergen"]
[Result "1/2-1/2"]
[WhiteElo "2083"]
[BlackElo "2041"]
[PlyCount "53"]
[EventDate "2015.04.07"]
[EventType "swiss"]
[EventRounds "9"]
[EventCountry "GER"]
[SourceTitle "CBM 166 Extra"]
[Source "ChessBase"]
[SourceDate "2015.06.18"]
[SourceVersion "1"]
[SourceVersionDate "2015.06.18"]
[SourceQuality "1"]

1. d4 d6 2. Nf3 Nd7 3. c4 e5 4. e4 Ngf6 5. Nc3 Be7 6. Be2 0-0 7. 0-0 c6 8. Re1 a6 9. a4 a5 10. h3 exd4 11. Nxd4 Nc5 12. Bf1 Re8 13. g3 Bf8 14. Bg2 Qb6 15. b3 g6 16. Ra2 Bg7 17. Rd2 Nh5 18. Ba3 Nxb3 19. Nxb3 Bxc3 20. Bxd6 Bxd2 21. Nxd2 Ng7 22. c5 Qb4 23. e5 Bf5 24. g4 Be6 25. Re4 Qb2 26. Re2 Qd4 27. Re4 1/2-1/2

[Event "Hofheim Spring op-A 3rd"]
[Site "Hofheim"]
[Date "2015.04.10"]
[Round "6"]
[White "Seidel, Juergen"]
[Black "Engel, Berthold"]
[Result "1/2-1/2"]
[WhiteElo "2041"]
[BlackElo "2227"]
[PlyCount "120"]
[EventDate "2015.04.07"]
[EventType "swiss"]
[EventRounds "9"]
[EventCountry "GER"]
[SourceTitle "CBM 166 Extra"]
[Source "ChessBase"]
[SourceDate "2015.06.18"]
[SourceVersion "1"]
[SourceVersionDate "2015.06.18"]
[SourceQuality "1"]

1. b3 Nf6 2. Bb2 d5 3. e3 Bf5 4. Nf3 e6 5. Be2 Nbd7 6. 0-0 c6 7. d4 Bd6 8. Nbd2 0-0 9. c4 Qe7 10. Ne5 Ne4 11. Ndf3 Rad8 12. cxd5 exd5 13. a3 Rfe8 14. Nd3 Bg4 15. b4 Nb6 16. Qc2 Nc4 17. Nde5 Bxf3 18. Bxf3 b5 19. Bc3 Qc7 20. Rfb1 a6 21. Be2 Ra8 22. Bd3 Nf6 23. g3 Qe7 24. Qc1 g6 25. Ra2 Nd7 26. a4 Ndb6 27. a5 Nd7 28. Nf3 Nf6 29. Re2 Ne4 30. Nd2 f5 31. Nf1 Qg5 32. Be1 Qh5 33. Rc2 Ra7 34. Qd1 Qg5 35. Qf3 Rf7 36. Qg2 Qe7 37. Re2 Kh8 38. f3 Nf6 39. Bc3 Qf8 40. Qf2 Rfe7 41. Qe1 Qh6 42. Bd2 Qf8 43. Rb3 Re6 44. Kf2 Kg7 45. Qc1 Qe7 46. Qe1 h5 47. h4 Qf8 48. Nh2 Ne4+ 49. Bxe4 fxe4 50. f4 Qf5 51. Kg1 Rh8 52. Qf2 Kf7 53. Be1 Ke8 54. Qg2 Be7 55. Nf1 Kd7 56. Kh2 Rf8 57. Qh3 Kd6 58. Qxf5 gxf5 59. Kg1 Rg6 60. Rh2 Rfg8 1/2-1/2

[Event "Hofheim Spring op-A 3rd"]
[Site "Hofheim"]
[Date "2015.04.08"]
[Round "3"]
[White "Sorm, Daniel"]
[Black "Seidel, Juergen"]
[Result "1-0"]
[WhiteElo "2330"]
[BlackElo "2041"]
[PlyCount "86"]
[EventDate "2015.04.07"]
[EventType "swiss"]
[EventRounds "9"]
[EventCountry "GER"]
[SourceTitle "CBM 166 Extra"]
[Source "ChessBase"]
[SourceDate "2015.06.18"]
[SourceVersion "1"]
[SourceVersionDate "2015.06.18"]
[SourceQuality "1"]

1. d4 d6 2. e4 Nf6 3. Nc3 e5 4. Nf3 Nbd7 5. Bc4 Be7 6. 0-0 0-0 7. Re1 c6 8. a4 b6 9. h3 a6 10. d5 cxd5 11. Nxd5 Nxd5 12. Bxd5 Rb8 13. Qd3 Nf6 14. Bc4 Qc7 15. c3 Qb7 16. Bg5 b5 17. axb5 axb5 18. Ba2 Ne8 19. Bd5 Qd7 20. Be3 Nc7 21. Ra7 Qd8 22. Ba2 Ba6 23. Ra1 Ra8 24. Bb3 Rxa7 25. Bxa7 Qc8 26. Bb6 Ne6 27. Be3 Qc6 28. Bd5 Qc8 29. Ne1 Nc7 30. Nc2 Bb7 31. Bxb7 Qxb7 32. Ra7 Qc8 33. Bb6 Na8 34. Ba5 Bd8 35. Qxb5 Bxa5 36. Qxa5 Qc6 37. Nb4 Qxe4 38. Nd5 Nb6 39. Nxb6 Qe1+ 40. Kh2 Qxf2 41. Nd5 h5 42. Qb6 Qe1 43. Qxd6 Re8 1-0

[Event "Eschborn op 11th"]
[Site "Eschborn"]
[Date "2014.09.06"]
[Round "2"]
[White "Seidel, Juergen"]
[Black "Graf, Michael"]
[Result "0-1"]
[WhiteElo "1956"]
[BlackElo "1649"]
[PlyCount "80"]
[EventDate "2014.09.05"]
[EventType "swiss"]
[EventRounds "5"]
[EventCountry "GER"]
[SourceTitle "EXT 2015"]
[Source "ChessBase"]
[SourceDate "2014.11.20"]
[SourceVersion "1"]
[SourceVersionDate "2014.11.20"]
[SourceQuality "1"]

1. e4 d5 2. exd5 Qxd5 3. Nf3 Nf6 4. d4 Bg4 5. Be2 Nc6 6. c4 Qh5 7. 0-0 0-0-0 8. Be3 e5 9. d5 e4 10. Nd4 Nxd4 11. Bxg4+ Nxg4 12. h3 Nf3+ 13. gxf3 Nxe3 14. fxe3 Qxh3 15. Kf2 Qh2+ 16. Ke1 Qxb2 17. Nd2 Bb4 18. Rf2 exf3 19. Kf1 Qe5 20. Rb1 Bxd2 21. Qxd2 Rhe8 22. Qb4 b6 23. Rxf3 f6 24. Rb3 Qa1+ 25. Rb1 Qxa2 26. Rf2 Qa6 27. Re2 Re4 28. Rc1 Rxd5 29. Qf8+ Rd8 30. Qxg7 Rxc4 31. Rce1 Qa3 32. Qxh7 Rc1 33. Rxc1 Qxc1+ 34. Kf2 Qc5 35. Qe4 Kb8 36. Rc2 Qd5 37. Qf4 Qd6 38. Qh4 a5 39. Kf3 Qd1+ 40. Re2 Rd2 0-1

[Event "Eschborn op 11th"]
[Site "Eschborn"]
[Date "2014.09.05"]
[Round "1"]
[White "Lanz, Juergen"]
[Black "Seidel, Juergen"]
[Result "1/2-1/2"]
[WhiteElo "1565"]
[BlackElo "1956"]
[PlyCount "65"]
[EventDate "2014.09.05"]
[EventType "swiss"]
[EventRounds "5"]
[EventCountry "GER"]
[SourceTitle "EXT 2015"]
[Source "ChessBase"]
[SourceDate "2014.11.20"]
[SourceVersion "1"]
[SourceVersionDate "2014.11.20"]
[SourceQuality "1"]

1. d4 d6 2. Nf3 Nd7 3. c4 e5 4. dxe5 dxe5 5. Nc3 Ngf6 6. Qc2 Be7 7. e3 c6 8. Be2 0-0 9. 0-0 Qc7 10. b3 Re8 11. Bb2 Nf8 12. Ne4 N6d7 13. Rad1 a5 14. c5 Ng6 15. Nd6 Bxd6 16. Rxd6 b6 17. Rfd1 b5 18. Qe4 Ne7 19. Bxe5 Nd5 20. Qd4 Nxe5 21. Nxe5 Ne7 22. Rd8 Be6 23. Rxa8 Rxa8 24. Qd6 Qxd6 25. cxd6 Nd5 26. Nxc6 Nc3 27. Rd2 Nxe2+ 28. Rxe2 Kf8 29. Rd2 Rc8 30. Rc2 Bf5 31. d7 Bxd7 32. Nd4 Rxc2 33. Nxc2 1/2-1/2

[Event "Hofheim Spring op-A 2nd"]
[Site "Hofheim"]
[Date "2014.04.22"]
[Round "1"]
[White "Seidel, Juergen"]
[Black "Kantans, Toms"]
[Result "0-1"]
[WhiteElo "2079"]
[BlackElo "2437"]
[PlyCount "52"]
[EventDate "2014.04.22"]
[EventType "swiss"]
[EventRounds "9"]
[EventCountry "GER"]
[SourceTitle "CBM 160 Extra"]
[Source "ChessBase"]
[SourceDate "2014.07.01"]
[SourceVersion "1"]
[SourceVersionDate "2014.07.01"]
[SourceQuality "1"]

1. e4 d5 2. exd5 Qxd5 3. Nf3 Nf6 4. d4 g6 5. Be2 Bg7 6. 0-0 0-0 7. c4 Qd6 8. Nc3 c6 9. Bg5 h6 10. Bh4 Nh5 11. Re1 g5 12. Ne5 Nf4 13. Bg3 Nxe2+ 14. Rxe2 Qd8 15. Qd3 Nd7 16. f4 Nxe5 17. fxe5 Bg4 18. Rd2 Qd7 19. Qe3 f5 20. Bf2 f4 21. Qe1 f3 22. d5 fxg2 23. e6 Qc7 24. Kxg2 Qf4 25. Kg1 Qxc4 26. Rc1 Bf3 0-1

[Event "BL2-Sued 1314"]
[Site "Germany"]
[Date "2014.02.23"]
[Round "7.8"]
[White "Reefschlaeger, Helmut"]
[Black "Seidel, Juergen"]
[Result "1-0"]
[WhiteElo "2304"]
[BlackElo "2082"]
[PlyCount "61"]
[EventDate "2013.10.13"]
[EventType "team-tourn"]
[EventRounds "9"]
[EventCountry "GER"]
[SourceTitle "EXT 2015"]
[Source "ChessBase"]
[SourceDate "2014.11.20"]
[SourceVersion "1"]
[SourceVersionDate "2014.11.20"]
[SourceQuality "1"]
[WhiteTeam "Baden-Baden II"]
[BlackTeam "Hofheim"]
[WhiteTeamCountry "GER"]
[BlackTeamCountry "GER"]

1. d4 Nf6 2. g3 d6 3. Bg2 Nbd7 4. Nf3 e5 5. c4 Be7 6. 0-0 0-0 7. Nc3 c6 8. Qc2 Re8 9. Rd1 Qc7 10. h3 b6 11. b3 Bb7 12. Bb2 Rad8 13. Rac1 Qb8 14. e3 a6 15. Rd2 Bf8 16. dxe5 Nxe5 17. Rcd1 Qc7 18. Ng5 h6 19. Nge4 Nxe4 20. Nxe4 f6 21. f4 Nd7 22. Nxd6 Rxe3 23. Nxb7 Qxb7 24. Qf5 Bc5 25. Kh2 Re7 26. Be4 Kf8 27. Qh7 Rde8 28. Bg6 Re2+ 29. Rxe2 Rxe2+ 30. Kh1 Ke7 31. Qg8 1-0

[Event "Boeblinger op 30th"]
[Site "Boeblingen"]
[Date "2013.12.26"]
[Round "1"]
[White "Seidel, Juergen"]
[Black "Matnadze, Ana"]
[Result "0-1"]
[WhiteElo "2087"]
[BlackElo "2382"]
[PlyCount "106"]
[EventDate "2013.12.26"]
[EventType "swiss"]
[EventRounds "9"]
[EventCountry "GER"]
[SourceTitle "CBM 158 Extra"]
[Source "ChessBase"]
[SourceDate "2014.02.28"]
[SourceVersion "1"]
[SourceVersionDate "2014.02.28"]
[SourceQuality "1"]

1. e4 c6 2. d3 g6 3. Nf3 Bg7 4. Be2 d5 5. Nbd2 e5 6. 0-0 Ne7 7. c3 0-0 8. Re1 h6 9. b4 a5 10. a3 f5 11. Bb2 g5 12. Nb3 a4 13. Nc5 Ng6 14. c4 b6 15. Nxa4 g4 16. Nd2 dxe4 17. dxe4 Rxa4 18. Qxa4 Qxd2 19. Qb3 fxe4 20. c5+ Kh7 21. Rad1 Qf4 22. Qe3 bxc5 23. Qxc5 Nd7 24. Qe3 h5 25. Rd6 Ne7 26. Bc1 Qxe3 27. Bxe3 Nf6 28. Bc5 Re8 29. Bc4 Bf5 30. a4 e3 31. Bxe3 Ne4 32. Rdd1 Nc3 33. Ra1 e4 34. Ra3 Ned5 35. Bc5 Nc7 36. Rc1 N3d5 37. b5 Bb2 38. Rca1 Bxa3 39. Bxa3 Nc3 40. Rc1 cxb5 41. axb5 N7xb5 42. Bb2 Rc8 43. Bxb5 Nxb5 44. Rxc8 Bxc8 45. Kf1 Kg6 46. Bc1 Kf5 47. Bb2 Nd6 48. Bd4 Nf7 49. Bc3 Ng5 50. Ke2 h4 51. Ba5 Ne6 52. Ke3 Bb7 53. Bb6 Nf4 0-1

[Event "Bayern-chI Bank Hofmann 17th"]
[Site "Bad Wiessee"]
[Date "2013.11.01"]
[Round "8"]
[White "Zude, Arno"]
[Black "Seidel, Juergen"]
[Result "1-0"]
[WhiteElo "2416"]
[BlackElo "2061"]
[PlyCount "47"]
[EventDate "2013.10.26"]
[EventType "swiss"]
[EventRounds "9"]
[EventCountry "GER"]
[SourceTitle "EXT 2014"]
[Source "ChessBase"]
[SourceDate "2013.11.20"]
[SourceVersion "1"]
[SourceVersionDate "2013.11.20"]
[SourceQuality "1"]

1. e4 d6 2. d4 Nf6 3. Nc3 e5 4. Nf3 Nbd7 5. Bc4 Be7 6. 0-0 0-0 7. a4 c6 8. Re1 Qc7 9. h3 b6 10. Ba2 a6 11. Rb1 Bb7 12. Bd2 Rfe8 13. Qe2 Rac8 14. dxe5 Nxe5 15. Ng5 h6 16. f4 hxg5 17. fxe5 dxe5 18. Bxg5 b5 19. Rf1 Rcd8 20. Rf3 Rd4 21. Rbf1 Bc8 22. Rg3 Rd6 23. Kh2 Be6 24. Bxf6 1-0

[Event "Bayern-chI Bank Hofmann 17th"]
[Site "Bad Wiessee"]
[Date "2013.10.26"]
[Round "2"]
[White "Maier, Alexander"]
[Black "Seidel, Juergen"]
[Result "1-0"]
[WhiteElo "2311"]
[BlackElo "2061"]
[PlyCount "142"]
[EventDate "2013.10.26"]
[EventType "swiss"]
[EventRounds "9"]
[EventCountry "GER"]
[SourceTitle "EXT 2014"]
[Source "ChessBase"]
[SourceDate "2013.11.20"]
[SourceVersion "1"]
[SourceVersionDate "2013.11.20"]
[SourceQuality "1"]

1. e4 d6 2. d4 Nf6 3. Nc3 e5 4. Nf3 Nbd7 5. Bc4 Be7 6. 0-0 0-0 7. a4 c6 8. Re1 Qc7 9. b3 b6 10. Bb2 a6 11. Qd2 Rb8 12. Bf1 Re8 13. g3 b5 14. axb5 cxb5 15. Nd5 Nxd5 16. exd5 e4 17. Rxe4 Nf6 18. Ree1 Nxd5 19. c4 bxc4 20. bxc4 Nb4 21. d5 Bd7 22. Ra3 a5 23. Bc3 Bd8 24. Rxe8+ Bxe8 25. Ra1 Bd7 26. Ng5 Bf5 27. Qf4 Bg6 28. Re1 Bxg5 29. Qxg5 f6 30. Qd2 Qb7 31. Ra1 Qc7 32. h4 Qc5 33. Bd4 Qc7 34. Bc3 Qc5 35. g4 h5 36. g5 fxg5 37. Bd4 Qc7 38. Qxg5 Kh7 39. Re1 Nc2 40. Re6 Qf7 41. Re7 Qxe7 42. Qxe7 Nxd4 43. Bg2 Nf5 44. Qg5 Rb1+ 45. Kh2 Nh6 46. Bf3 a4 47. Bxh5 Bxh5 48. Qxh5 a3 49. Qe2 Rb2 50. Qd3+ Kg8 51. Qxa3 Rxf2+ 52. Kg3 Rf6 53. c5 dxc5 54. Qxc5 Nf7 55. Qe3 Nd6 56. Kg4 Kh7 57. Qe5 Rg6+ 58. Kf3 Rf6+ 59. Ke2 Kg8 60. Kd3 Kf7 61. Kd4 Kg8 62. Kc5 Nb7+ 63. Kb4 Nd6 64. Qe7 Rh6 65. Kc5 Nf5 66. Qe8+ Kh7 67. Qe4 g6 68. d6 Nxd6 69. Kxd6 Rh5 70. Qe7+ Kg8 71. Ke6 Rf5 1-0

[Event "Wiesbaden op 25th"]
[Site "Wiesbaden"]
[Date "2013.08.24"]
[Round "5"]
[White "Commercon, Simon"]
[Black "Seidel, Juergen"]
[Result "1-0"]
[WhiteElo "2187"]
[BlackElo "2061"]
[PlyCount "81"]
[EventDate "2013.08.22"]
[EventType "swiss"]
[EventRounds "7"]
[EventCountry "GER"]
[SourceTitle "CBM 156 Extra"]
[Source "ChessBase"]
[SourceDate "2013.10.22"]
[SourceVersion "1"]
[SourceVersionDate "2013.10.22"]
[SourceQuality "1"]

1. d4 Nf6 2. Bg5 d6 3. Nc3 Nbd7 4. e4 e5 5. Nf3 Be7 6. Bc4 c6 7. dxe5 dxe5 8. Qe2 Qc7 9. Nh4 h6 10. Bd2 b5 11. Bb3 g6 12. 0-0 Nc5 13. f4 Bd6 14. Nf3 Nxb3 15. axb3 Bg4 16. fxe5 Bxe5 17. Qf2 Bxf3 18. gxf3 g5 19. Be3 Nh5 20. Ne2 a6 21. Nd4 Bxd4 22. Bxd4 0-0 23. Bc5 Nf4 24. Kh1 Rfe8 25. Rad1 Re6 26. Rd2 Rd8 27. Rfd1 Ree8 28. Bd6 Qc8 29. Bxf4 gxf4 30. Qh4 Rxd2 31. Rxd2 Kh7 32. Qxf4 Re7 33. Kg2 Qg8+ 34. Kf2 Qg7 35. Rd6 Re6 36. Qf5+ Rg6 37. e5 Kg8 38. Rd8+ Kh7 39. h4 h5 40. Qxh5+ Rh6 41. Qf5+ 1-0

[Event "Karl Mala Memorial op-A 16th"]
[Site "Frankfurt"]
[Date "2013.07.14"]
[Round "7"]
[White "Rutsatz, Mario"]
[Black "Seidel, Juergen"]
[Result "1/2-1/2"]
[WhiteElo "1918"]
[BlackElo "2072"]
[PlyCount "52"]
[EventDate "2013.07.11"]
[EventType "swiss"]
[EventRounds "7"]
[EventCountry "GER"]
[SourceTitle "EXT 2014"]
[Source "ChessBase"]
[SourceDate "2013.11.20"]
[SourceVersion "1"]
[SourceVersionDate "2013.11.20"]
[SourceQuality "1"]

1. d4 d6 2. e4 c6 3. Nc3 Qc7 4. a4 e5 5. Nf3 Nf6 6. Be2 Be7 7. 0-0 0-0 8. b3 Bg4 9. Ba3 Re8 10. dxe5 dxe5 11. Bxe7 Qxe7 12. Nd2 Bxe2 13. Qxe2 Nbd7 14. Nc4 Rad8 15. Qe3 Qc5 16. Rfd1 Qxe3 17. Nxe3 Nc5 18. f3 Ne6 19. Ne2 Rxd1+ 20. Rxd1 Rd8 21. Rxd8+ Nxd8 22. Nc4 Nd7 23. Kf2 Kf8 24. Ke3 Ke7 25. Nc1 f6 26. Nd3 Ne6 1/2-1/2

[Event "Karl Mala Memorial op-A 16th"]
[Site "Frankfurt"]
[Date "2013.07.13"]
[Round "5"]
[White "Wimmer, Thomas"]
[Black "Seidel, Juergen"]
[Result "0-1"]
[WhiteElo "1913"]
[BlackElo "2072"]
[PlyCount "166"]
[EventDate "2013.07.11"]
[EventType "swiss"]
[EventRounds "7"]
[EventCountry "GER"]
[SourceTitle "EXT 2014"]
[Source "ChessBase"]
[SourceDate "2013.11.20"]
[SourceVersion "1"]
[SourceVersionDate "2013.11.20"]
[SourceQuality "1"]

1. e4 d6 2. d4 c6 3. Nc3 Qc7 4. Be2 e5 5. Be3 Nf6 6. g4 h6 7. h4 Nbd7 8. Nh3 Qa5 9. Qd2 exd4 10. Bxd4 Ne5 11. f3 Be7 12. 0-0-0 Be6 13. Kb1 0-0-0 14. Nf4 Bd7 15. g5 Ne8 16. Nd3 Nxd3 17. Bxd3 Be6 18. f4 f6 19. Qf2 Kb8 20. f5 Bf7 21. g6 Bg8 22. Qe2 b5 23. a3 Nc7 24. Be3 Rd7 25. Na2 d5 26. Bd2 Qb6 27. Be3 Bc5 28. Bxc5 Qxc5 29. Nb4 a5 30. Na2 dxe4 31. Bxe4 Bxa2+ 32. Kxa2 Re7 33. Qf3 Qc4+ 34. b3 Qxe4 35. Qxe4 Rxe4 36. Rd7 Rg8 37. Rhd1 Nd5 38. Kb2 Re5 39. c4 bxc4 40. bxc4 Nb6 41. Rf7 Rxf5 42. Kc3 Rf4 43. Rb1 Rxc4+ 44. Kd3 Rd8+ 45. Ke3 Rc3+ 46. Ke2 Kc8 47. Rxb6 Rd7 48. Rb8+ Kxb8 49. Rxd7 h5 50. Rxg7 Rg3 51. Rg8+ Kb7 52. g7 f5 53. Kf2 f4 54. Ke2 c5 55. Rf8 Rxg7 56. Rxf4 Kc6 57. Rf5 Rg3 58. a4 Rg4 59. Rxh5 Rxa4 60. Rh8 Kb5 61. Kd3 Ra3+ 62. Kc2 Rh3 63. h5 Kc4 64. h6 Rh2+ 65. Kb1 Kc3 66. h7 c4 67. Ka1 a4 68. Kb1 a3 69. Ka1 a2 70. Ra8 Rxh7 71. Kxa2 Kc2 72. Ka3 c3 73. Rb8 Rc7 74. Ka4 Kc1 75. Kb3 c2 76. Ka2 Kd2 77. Rb2 Ra7+ 78. Kb3 Rb7+ 79. Ka2 Rxb2+ 80. Kxb2 c1Q+ 81. Ka2 Qc4+ 82. Ka3 Qb5 83. Ka2 Kc2 0-1

[Event "Karl Mala Memorial op-A 16th"]
[Site "Frankfurt"]
[Date "2013.07.11"]
[Round "1"]
[White "Roehlich, Philipp"]
[Black "Seidel, Juergen"]
[Result "0-1"]
[WhiteElo "1794"]
[BlackElo "2072"]
[PlyCount "98"]
[EventDate "2013.07.11"]
[EventType "swiss"]
[EventRounds "7"]
[EventCountry "GER"]
[SourceTitle "EXT 2014"]
[Source "ChessBase"]
[SourceDate "2013.11.20"]
[SourceVersion "1"]
[SourceVersionDate "2013.11.20"]
[SourceQuality "1"]

1. e4 d6 2. d4 c6 3. Bd3 e5 4. c3 Nf6 5. Nf3 Qc7 6. h3 Be7 7. 0-0 0-0 8. Nbd2 Nbd7 9. Re1 Re8 10. Nf1 Bf8 11. Ng3 g6 12. dxe5 dxe5 13. Bc4 b5 14. Bb3 Nc5 15. Bc2 h6 16. b4 Ne6 17. Be3 Bb7 18. Qc1 Kh7 19. a3 c5 20. Qb2 a6 21. Rac1 Rad8 22. Rcd1 Rc8 23. Bb1 Nd7 24. Nd2 Nb6 25. Qb3 Red8 26. h4 cxb4 27. cxb4 Nd4 28. Bxd4 Rxd4 29. h5 Bg7 30. hxg6+ fxg6 31. Nf3 Rc4 32. Ba2 Rc3 33. Qe6 Rc6 34. Qg4 Rf8 35. Nh4 Bc8 36. Qe2 Rc2 37. Rd2 Rxd2 38. Qxd2 Nc4 39. Rc1 Be6 40. Qd1 Rd8 41. Qf3 Qd6 42. Bxc4 Bxc4 43. Kh2 Bf6 44. Qg4 Bg5 45. Rc3 Be6 46. Nhf5 Qd7 47. Qe2 gxf5 48. exf5 Bc4 49. Qxe5 Qd4 0-1